| 000 | 02211na a2200481 4500 | ||
|---|---|---|---|
| 001 | 16379 | ||
| 003 | MIRAKIL | ||
| 005 | 20181213155133.0 | ||
| 008 | 170213b tu 000 0 | ||
| 035 | _a16379 | ||
| 040 |
_aMilas _btur _cTR-AnCHP |
||
| 041 | _atur | ||
| 082 |
_aCHP 324.217207 _bS38c 1939 |
||
| 090 | _aCHP 324.217207 S38c 1939 | ||
| 100 | _aSeviğ, Vasfi Raşit | ||
| 222 | _aCumhuriyet Halk Partisi Konferansları | ||
| 245 |
_aCumhuriyet Halk Partisi ve aile; Mesuliyet; Şifasız hastaların ölümünü kolaylaştırmak meselesine hukuki bir bakış; Zarara muvafakatin cezai neticeleri; İşletmeler ve Türkiyenin iktisadi kalkınmasında işletmelerimizin iktisadi vazifeleri _cVasfi Raşit Seviğ; Mustafa Raşit Belgesay; Hıfzı Veldet; İsmet Alkan |
||
| 260 |
_a[Ankara ] _bCHP _c1939 _fRecep Ulusoğlu Basımevi |
||
| 300 |
_a62 s. _c23 sm. |
||
| 440 |
_aC.H.P. _pKonferanslar serisi _v10 |
||
| 500 | _aHalk Evlerinde verilen konferans metinleridir. | ||
| 500 | _aYapıt, yazarların konferans konuşmalarını içermektedir | ||
| 505 | _aCumhuriyet Halk Partisi ve aile/ Vasfi Raşit Seviğ; Mesuliyet/ Mustafa Raşit Belgesay; Şifasız hastaların ölümünü kolaylaştırmak meselesine hukuki bir bakış; Zarara muvafakatin cezai neticeleri/Hıfzı Veldet; İşletmeler ve Türkiyenin iktisadi kalkınmasında işletmelerimizin iktisadi vazifeleri/ İsmet Alkan | ||
| 610 | _aHalkevleri | ||
| 610 |
_aCumhuriyet Halk Partisi (CHP) _xKonferanslar ve seminerler |
||
| 650 | _aEkonomik kalkınma | ||
| 650 | _aCeza kanunu | ||
| 650 | _aÖtenazi | ||
| 650 | _aHukuk | ||
| 650 | _aCumhuriyet Halk Partisi | ||
| 657 | _aHalk Evleri | ||
| 657 | _aCHP konferansları | ||
| 700 | _a Alkan, İsmet | ||
| 700 | _aVeldet, Hıfzı | ||
| 700 | _aBelgesay, Mustafa Raşit | ||
| 740 | _aİşletmeler ve Türkiyenin iktisadi kalkınmasında işletmelerimizin iktisadi vazifeleri | ||
| 740 | _aZarara muvafakatin cezai neticeleri | ||
| 740 | _aŞifasız hastaların ölümünü kolaylaştırmak meselesine hukuki bir bakış | ||
| 740 | _aMesuliyet | ||
| 740 | _aCümhuriyet Halk Partisi ve aile | ||
| 830 | _aCHP Yayınları | ||
| 942 |
_2ddc _cBKS |
||
| 999 |
_c7278 _d7278 |
||